000 00636nam a2200205Ii 4500
003 JO-AjNU
008 230605s9999||||xx |||||||||||||| ||und||
040 _aJO-AjNU
_bara
_erda
_cJO-AjNU
041 _aara
050 1 4 _aBP161.2.T2 1983
100 3 _aطبارة، عفيف عبد الفتاح,
_eauthor
_916197
245 0 0 _aروح الدين الإسلامي
250 _aط23
264 3 1 _aبيروت: دار العلم للملايين،1983
300 _a478ص
336 _atext
_btxt
_2rdacontent
337 _aunmediated
_bn
_2rdamedia
338 _avolume
_bnc
_2rdacarrier
650 4 _aالاسلام- متفرقات
_916198
999 _aA4747
_c8315
_d8315